"State, private life and political change" (Record no. 691626)

MARC details
000 -LEADER
fixed length control field 00726nam a2200253Ia 4500
003 - CONTROL NUMBER IDENTIFIER
control field OSt
005 - DATE AND TIME OF LATEST TRANSACTION
control field 20220927105306.0
008 - FIXED-LENGTH DATA ELEMENTS--GENERAL INFORMATION
fixed length control field 220926b |||||||| |||| 00| 0 eng d
020 ## - INTERNATIONAL STANDARD BOOK NUMBER
International Standard Book Number 0333493680
037 ## - SOURCE OF ACQUISITION
Terms of availability Reference Collections
040 ## - CATALOGING SOURCE
Original cataloging agency RTL
Transcribing agency RTL
Language of cataloging eng
041 ## - LANGUAGE CODE
Source of code eng
Language code of text/sound track or separate title eng
100 ## - MAIN ENTRY--PERSONAL NAME
Personal name Jamieson Lynn Ed.
9 (RLIN) 371438
245 #0 - TITLE STATEMENT
Title "State, private life and political change"
260 ## - PUBLICATION, DISTRIBUTION, ETC.
Place of publication, distribution, etc. Hampshire
Name of publisher, distributor, etc. Macmillan Press Ltd.
Date of publication, distribution, etc. 1990
300 ## - PHYSICAL DESCRIPTION
Extent "xi, 247"
Dimensions cm.
700 ## - ADDED ENTRY--PERSONAL NAME
Personal name Corr Helen Ed.
9 (RLIN) 371439
942 ## - ADDED ENTRY ELEMENTS (KOHA)
Classification part "Y9(W), N0"
Koha item type
Holdings
Withdrawn status Lost status Damaged status Not for loan Home library Current library Date acquired Total Checkouts Full call number Barcode Date last seen Price effective from Koha item type
        Ratan Tata Library Ratan Tata Library 2022-09-27   "Y9(W) N0" RT1328794 2022-09-27 2022-09-27  
Copyright @ Delhi University Library System